000 00733nam a2200253 a 4500
008
020 _a0256100209
049 _aMAIN
090 _aHD31 BAT
100 1 _aBateman, Thomas S.
245 1 0 _aManagement :
_bfunction and strategy /
_cThomas S. Bateman, Carl P. Zeithaml.
250 _a2nd ed.
260 _aBurr Ridge, IL :
_bIrwin,
_c1993.
300 _axxxv, 662 p. :
_bill. (some col.) ;
_c29 cm.
504 _aIncludes bibliographical references.
500 _aIncludes index.
650 0 _aManagement.
700 1 _aZeithaml, Carl P.
907 _a.b10081318
_b31-01-07
_c10-07-03
003
005 20230123133328.0
040 _cNUST
942 _cBOOKS
_kHD31 BAT
999 _c146688
_d146688